[Event "HUN-chT1 Maroczy 2324"]
[Site "Hungary"]
[Date "2024.04.21"]
[Round "10.10"]
[White "Kelemen, Gabor"]
[Black "Ruboczki, Tibor"]
[Result "1/2-1/2"]
[WhiteElo "2079"]
[BlackElo "2002"]
[PlyCount "57"]
[EventDate "2023.10.08"]
[EventType "team-tourn"]
[EventRounds "11"]
[EventCountry "HUN"]
[SourceTitle "EXT 2025"]
[Source "ChessBase"]
[SourceDate "2024.10.14"]
[SourceVersion "1"]
[SourceVersionDate "2024.10.14"]
[SourceQuality "1"]
[WhiteTeam "Magyar Sakkvilag"]
[BlackTeam "NYVSC"]
[WhiteTeamCountry "HUN"]
[BlackTeamCountry "HUN"]

1. e4 e6 2. d4 d5 3. Nd2 dxe4 4. Nxe4 Nd7 5. Bd3 Ngf6 6. Ne2 b6 7. N2g3 Bb7 8. Qe2 Be7 9. 0-0 0-0 10. c3 Nxe4 11. Bxe4 Bxe4 12. Nxe4 Nf6 13. Bg5 Nxe4 14. Bxe7 Nxc3 15. bxc3 Qxe7 16. a4 a5 17. Rfe1 Rfd8 18. Qe4 Qd6 19. h4 Qd5 20. Qf4 Qc4 21. Re3 Rd5 22. Rae1 Rad8 23. Rg3 g6 24. Qf6 Qxa4 25. Rxe6 fxe6 26. Rxg6+ hxg6 27. Qxg6+ Kf8 28. Qf6+ Kg8 29. Qg6+ 1/2-1/2

[Event "HUN-chT2 Barcza 2223"]
[Site "Hungary"]
[Date "2023.03.26"]
[Round "6.1"]
[White "Ruboczki, Tibor"]
[Black "Hando, Vilmos"]
[Result "1/2-1/2"]
[WhiteElo "1991"]
[BlackElo "2376"]
[PlyCount "142"]
[EventDate "2022.11.20"]
[EventType "team-tourn"]
[EventRounds "7"]
[EventCountry "HUN"]
[SourceTitle "EXT 2025"]
[Source "ChessBase"]
[SourceDate "2024.10.14"]
[SourceVersion "1"]
[SourceVersionDate "2024.10.14"]
[SourceQuality "1"]
[WhiteTeam "Nyiregyhaza VSC"]
[BlackTeam "Kazincbarcika"]
[WhiteTeamCountry "HUN"]
[BlackTeamCountry "HUN"]

1. d4 Nf6 2. c4 g6 3. Nc3 Bg7 4. g3 0-0 5. Bg2 d6 6. Nf3 Nc6 7. d5 Na5 8. Nd2 c5 9. 0-0 e6 10. a3 exd5 11. Nxd5 Nxd5 12. Bxd5 Be6 13. Bxe6 fxe6 14. Rb1 d5 15. Qc2 Nc6 16. b4 cxb4 17. axb4 Rc8 18. cxd5 Nd4 19. Qd1 Qxd5 20. Bb2 Rcd8 21. Bxd4 Bxd4 22. Nf3 Bb6 23. Qxd5 Rxd5 24. Rfd1 Rfd8 25. Rxd5 Rxd5 26. b5 Kf7 27. Kg2 Ke7 28. Ne1 Bd4 29. f4 e5 30. Kf3 exf4 31. gxf4 Rh5 32. Ke4 Bb6 33. Nf3 Kd6 34. Rb2 Kc5 35. e3 Kc4 36. Ne5+ Kc3 37. Ra2 Kb3 38. Rd2 Ka4 39. Rb2 Bc5 40. Kd3 Ba3 41. Ra2 Kb3 42. Rc2 Bd6 43. Rc3+ Kb4 44. Kd4 Kxb5 45. Kd5 Bb4 46. Rc2 a5 47. e4 a4 48. Ke6 Rh3 49. f5 gxf5 50. exf5 Bc3 51. Nd7 Re3+ 52. Kd5 Rd3+ 53. Ke6 Kb4 54. f6 Re3+ 55. Kd6 Rf3 56. Ke7 Kb3 57. Rc1 a3 58. f7 Bb4+ 59. Nc5+ Bxc5+ 60. Rxc5 Kb4 61. Rc7 b5 62. f8Q Rxf8 63. Kxf8 Kb3 64. Rxh7 b4 65. h4 Ka2 66. Rb7 b3 67. h5 b2 68. h6 b1Q 69. Rxb1 Kxb1 70. h7 a2 71. h8Q a1Q 1/2-1/2

[Event "HUN-chT2 Barcza 2223"]
[Site "Hungary"]
[Date "2023.02.19"]
[Round "4.2"]
[White "Ruboczki, Tibor"]
[Black "Gorombei, Balint"]
[Result "1/2-1/2"]
[WhiteElo "1991"]
[BlackElo "1970"]
[PlyCount "64"]
[EventDate "2022.11.20"]
[EventType "team-tourn"]
[EventRounds "7"]
[EventCountry "HUN"]
[SourceTitle "EXT 2025"]
[Source "ChessBase"]
[SourceDate "2024.10.14"]
[SourceVersion "1"]
[SourceVersionDate "2024.10.14"]
[SourceQuality "1"]
[WhiteTeam "Nyiregyhaza VSC"]
[BlackTeam "Nyiregyhaza ESE"]
[WhiteTeamCountry "HUN"]
[BlackTeamCountry "HUN"]

1. d4 Nf6 2. c4 c5 3. d5 e6 4. Nc3 exd5 5. cxd5 d6 6. Nf3 g6 7. g3 Bg7 8. Bg2 0-0 9. 0-0 a6 10. a4 Re8 11. Nd2 Nbd7 12. Nc4 Ne5 13. Na3 Rb8 14. e4 Qc7 15. h3 c4 16. Qc2 Bd7 17. Rd1 Nd3 18. a5 Nxc1 19. Rdxc1 Rbc8 20. Qd2 b6 21. axb6 Qxb6 22. Nc2 Bb5 23. Qe3 Qxe3 24. Nxe3 Nd7 25. Rc2 Nc5 26. Ned1 Nb3 27. Ra2 Bd4 28. Kh2 Bc5 29. f3 Kg7 30. g4 Nd4 31. Rd2 Nb3 32. Rc2 Nd4 1/2-1/2

[Event "HUN-chT1 Maroczy 2122"]
[Site "Hungary"]
[Date "2022.04.10"]
[Round "11.9"]
[White "Ruboczki, Tibor"]
[Black "Skenderovic, Nikola"]
[Result "1/2-1/2"]
[WhiteElo "2028"]
[BlackElo "2142"]
[PlyCount "60"]
[EventDate "2021.10.10"]
[EventType "team-tourn"]
[EventRounds "11"]
[EventCountry "HUN"]
[SourceTitle "EXT 2025"]
[Source "ChessBase"]
[SourceDate "2024.10.14"]
[SourceVersion "1"]
[SourceVersionDate "2024.10.14"]
[SourceQuality "1"]
[WhiteTeam "Nyiregyhaza VSC"]
[BlackTeam "Meritum Egyesulet"]
[WhiteTeamCountry "HUN"]
[BlackTeamCountry "HUN"]

1. d4 d6 2. Nf3 Nf6 3. g3 g6 4. Bg2 Bg7 5. c4 0-0 6. Nc3 c6 7. 0-0 Bf5 8. Nh4 Be6 9. b3 d5 10. Qd3 Ne4 11. Nxe4 dxe4 12. Bxe4 Qxd4 13. Qxd4 Bxd4 14. Rb1 Nd7 15. Rd1 Bf6 16. Nf3 Nc5 17. Bc2 a5 18. Bb2 Na6 19. Bxf6 exf6 20. Rb2 Rfd8 21. Rxd8+ Rxd8 22. Bd3 Nb4 23. Ne1 c5 24. f4 b6 25. Kf2 Kf8 26. a3 Nc6 27. Nc2 Nd4 28. Nxd4 Rxd4 29. a4 h5 30. h4 f5 1/2-1/2

[Event "HUN-chT2 Barcza 2122"]
[Site "Hungary"]
[Date "2022.03.20"]
[Round "8.2"]
[White "Ruboczki, Tibor"]
[Black "Stanciu, Alexandru Ovidiu"]
[Result "0-1"]
[WhiteElo "2029"]
[BlackElo "2310"]
[PlyCount "70"]
[EventDate "2021.10.10"]
[EventType "team-tourn"]
[EventRounds "9"]
[EventCountry "HUN"]
[SourceTitle "EXT 2025"]
[Source "ChessBase"]
[SourceDate "2024.10.14"]
[SourceVersion "1"]
[SourceVersionDate "2024.10.14"]
[SourceQuality "1"]
[WhiteTeam "Nyiregyhaza VSC II"]
[BlackTeam "Szirmabesenyo"]
[WhiteTeamCountry "HUN"]
[BlackTeamCountry "HUN"]

1. d4 Nf6 2. c4 e6 3. g3 c5 4. d5 exd5 5. cxd5 d6 6. Nc3 g6 7. Bg2 Bg7 8. Nf3 0-0 9. 0-0 Re8 10. Re1 a6 11. a4 Ne4 12. Nxe4 Rxe4 13. Nd2 Rb4 14. Qc2 Nd7 15. Ra3 Ne5 16. f4 Ng4 17. h3 Nf6 18. e4 Rb8 19. Nc4 Nh5 20. e5 dxe5 21. fxe5 Bxh3 22. Bxh3 Qxd5 23. Bf1 b5 24. axb5 axb5 25. g4 bxc4 26. gxh5 Bxe5 27. Rxe5 Qxe5 28. hxg6 hxg6 29. Rh3 Re8 30. Qc3 Rb3 31. Qxc4 Rxh3 32. Bxh3 Qe1+ 33. Bf1 Re4 34. Qd3 Rg4+ 35. Kh2 Qf2+ 0-1

[Event "HUN-chT1 Maroczy 2122"]
[Site "Hungary"]
[Date "2021.12.19"]
[Round "6.9"]
[White "Ruboczki, Tibor"]
[Black "Gelle, Istvan"]
[Result "1/2-1/2"]
[WhiteElo "2025"]
[BlackElo "2247"]
[PlyCount "103"]
[EventDate "2021.10.10"]
[EventType "team-tourn"]
[EventRounds "11"]
[EventCountry "HUN"]
[SourceTitle "EXT 2025"]
[Source "ChessBase"]
[SourceDate "2024.10.14"]
[SourceVersion "1"]
[SourceVersionDate "2024.10.14"]
[SourceQuality "1"]
[WhiteTeam "Nyiregyhaza VSC"]
[BlackTeam "Hobagoly"]
[WhiteTeamCountry "HUN"]
[BlackTeamCountry "HUN"]

1. d4 d5 2. c4 c6 3. Nc3 Nf6 4. Nf3 a6 5. e3 b5 6. cxd5 cxd5 7. Bd3 Bb7 8. Ne5 e6 9. 0-0 Bd6 10. f4 0-0 11. Bd2 Nbd7 12. Nxd7 Qxd7 13. Rc1 Rfc8 14. Ne2 Ne4 15. Ng3 f5 16. Nxe4 dxe4 17. Be2 Bd5 18. a3 Qe7 19. Rxc8+ Rxc8 20. a4 Qb7 21. axb5 axb5 22. Qb1 b4 23. Rc1 h6 24. Rxc8+ Qxc8 25. Qc1 Qxc1+ 26. Bxc1 g5 27. g3 Kf8 28. Bd2 Ke7 29. Kf1 Kd8 30. Ke1 Kc7 31. Kd1 Kb6 32. Kc2 b3+ 33. Kc1 g4 34. Bc3 h5 35. Kd2 Be7 36. Bf1 h4 37. Be2 h3 38. Bf1 Bc6 39. Ke1 Bb5 40. Bxb5 Kxb5 41. Ke2 Kc4 42. Be1 Kd5 43. Bd2 Ba3 44. Bc1 Bd6 45. Bd2 Kc4 46. Bc3 Ba3 47. Kd2 Be7 48. Ke2 Ba3 49. Kd2 Be7 50. Ke2 Bh4 51. Be1 Be7 52. Bc3 1/2-1/2